Statistics for Correct these proverbs and sayings

Click here to take the quiz!

General Stats

  • This quiz has been taken 83 times
  • The average score is 15 of 30

Answer Stats

False Correct % Correct
Two lefts don't make a right.Two wrongs don't make a right.
94%
An apple a day keeps the doctor healthy.An apple a day keeps the doctor away.
87%
Forsake and forget.Forgive and forget.
86%
Where there is a sign, there is a way.Where there is a will, there is a way.
85%
Better late than early.Better late than never.
85%
Rome was not built in the bay.Rome was not built in a day.
83%
Don't put all your eggs in one cake.Don't put all your eggs in one basket.
82%
Don't judge a book by its author.Don't judge a book by its cover.
82%
The apple doesn't fall far from the doctor.The apple doesn't fall far from the tree.
76%
Put the cart before the checkout.Put the cart before the horse.
73%
Never look a sea horse in the mouth.Never look a gift horse in the mouth.
70%
If you can't beat 'em, slander 'em.If you can't beat 'em, join 'em.
69%
A stumble comes before a fallPride comes before a fall
62%
The MG is mightier than the sword.The pen is mightier than the sword.
62%
Let lying dogs lie.Let sleeping dogs lie.
61%
Huntsmen killed the catCuriosity killed the cat
58%
Fortune favors the bald.Fortune favors the bold.
49%
Love me, walk my dog.Love me, love my dog.
42%
In the land of the cyclopes, the one-eyed man is the king.In the land of the blind, the one-eyed man is the king.
39%
Speaking is silver, listening is golden.Speaking is silver, silence is golden.
37%
There is nothing cold under the sun.There is nothing new under the sun.
27%
As sure as eggs are vegetarian.As sure as eggs are eggs.
25%
Barking dogs seldom fall silent.Barking dogs seldom bite.
24%
The bedtime hour is that before the dawn.The darkest hour is that before the dawn.
20%
East or west, Kanye is bestEast or west, home is best
17%
A snake has no legs.A lie has no legs.
17%
To know everything, is to learn nothing.To know everything, is to know nothing.
14%
The bird loves her beau.The bird loves her nest.
10%
Dogs don't eat regularly.Dogs don't eat dogs.
6%
A skunk stinks from the head.A fish stinks from the head.
6%

Score Distribution

Percentile by Number Answered

Percent of People with Each Score

Your Score History

You have not taken this quiz